00921cam a2200241 450000100060000000300080000600500170001400800390003102000150007003500190008504000320010404100080013608200250014410000240016924500850019326001070027830000340038541000650041950400650048465000500054965000260059965100540062525660BD-RjUL20211209050917.0140319s1970 azub b 001 0 eng a0816501548 a(BD-RjUL)25730 aDLCcDLCdDLCdBD-RjULbeng aeng00a333.160934bMOP 19701 aMorrison, Barrie M.10aPolitical centers and cultural regions in early Bengal /cby Barrie M. Morrison. aTucson :bPublished for the Association for Asian Studies, by the University of Arizona Press,cc1970. axii, 189 p. :bmaps ;c24 cm.20aAssociation for Asian StudiestMonographs and papersvno. 25 aIncludes bibliographical references (p. 171-181.) and index. 0aLand grantszIndiazBengalxHistoryxSources. 0aInscriptionszBengal. 0aBengal (India)xPolitics and governmentxSources.